| 000 | 00537nam a22001937a 4500 | ||
|---|---|---|---|
| 005 | 20251108173123.0 | ||
| 008 | 250721s2003 xx 000 0 ara d | ||
| 082 | 1 | 4 | _a574.192/برا |
| 100 | 1 |
_aبروان، غاي _eشارح |
|
| 245 | 1 | 0 | _aطاقة الحياة / |
| 264 | 1 |
_aالرياض : _bمكتبة العبيكان، _c2003. |
|
| 300 | _a492ص | ||
| 650 | 1 | 7 | _aالكيمياء الحيوية |
| 650 | 1 | 7 | _aالطاقة |
| 650 | 1 | 7 | _aالصحة |
| 700 | 1 | _aالعمري، أحمد | |
| 942 |
_2ddc _cBK |
||
| 999 |
_c96515 _d96515 |
||